000 01063nam a22002897a 4500
001 981
005 20230717111606.0
008 230717b cb ||||| |||| 00| 0 eng d
020 _a0689717520 :
_c$3.95 ($4.95 Can.)
040 _aDLC
_cDLC
_dDLC
_beng
050 0 0 _aPZ7.R982
_bHle 1993
082 0 0 _a813.54
_220
100 1 _aRylant, Cynthia.
245 1 0 _aHenry and Mudge in the sparkle days :
_bthe fifth book of their adventures /
_cstory by Cynthia Rylant ; pictures by Suc̜ie Stevenson.
260 _aNew York :
_bScholastic,
_c1988.
300 _a48 pages :
_bcolor illustrations ;
_c21 cm.
500 _a"Aladdin books."
505 0 _aJ
520 _aIn the winter Henry and his big dog Mudge play in the snow, share a family Christmas dinner, and gather around a crackling winter fireplace.
521 _a500
_bLexile
521 _aJ
_bRaz-Plus
650 1 _aWinter
_xFiction.
650 1 _aDogs
_xFiction.
700 1 _aStevenson, Suc̜ie,
_eillustrator.
906 _a7
_bcbc
_corignew
_d1
_eocip
_f19
_gy-gencatlg
942 _2ddc
_cBK
_n0
999 _c981
_d981